Normal view MARC view

Entry Corporate Name

Number of records used in: 1

001 - CONTROL NUMBER

  • control field: 613

003 - CONTROL NUMBER IDENTIFIER

  • control field: OSt

005 - DATE AND TIME OF LATEST TRANSACTION

  • control field: 20110411103202.0

008 - FIXED-LENGTH DATA ELEMENTS

  • fixed length control field: 110411|||a|||||| | ||| d

040 ## - CATALOGING SOURCE

  • Original cataloging agency: OSt
  • Transcribing agency: OSt

110 ## - HEADING--CORPORATE NAME

  • Corporate name or jurisdiction name as entry element: Uganda Revenue Authority
  • Subordinate unit: The Value Added Tax (VAT) Guide

670 ## - SOURCE DATA FOUND

  • Source citation: Work cat.: (OSt): Uganda Revenue Authority The Value Added Tax (VAT) Guide, The Value Added Tax (VAT) Guide;, 1997